North Carolina County Seats - Statistics

General Stats
  • This quiz has been taken 117 times
  • The average score is 47 of 100
Answer Stats
County County Seats % Correct
Mecklenburg Charlotte
94%
Durham Durham
94%
Guilford Greensboro
92%
Wake Raleigh
92%
New Hanover Wilmington
89%
Buncombe Asheville
86%
Forsyth Winston-Salem
83%
Cumberland Fayetteville
78%
Gaston Gastonia
78%
Pitt Greenville
78%
Northampton Jackson
72%
Watauga Boone
69%
Vance Henderson
67%
Onslow Jacksonville
67%
Beaufort Washington
67%
Henderson Hendersonville
64%
Orange Hillsborough
64%
Randolph Asheboro
61%
Cabarrus Concord
61%
Pasquotank Elizabeth City
61%
Macon Franklin
58%
Alamance Graham
58%
Lincoln Lincolnton
58%
Robeson Lumberton
58%
Wilkes Wilkesboro
58%
Carteret Beaufort
56%
Nash Nashville
56%
Craven New Bern
56%
Wayne Goldsboro
53%
Caldwell Lenoir
53%
Cherokee Murphy
53%
Chatham Pittsboro
53%
Iredell Statesville
53%
Wilson Wilson
53%
Yadkin Yadkinville
53%
Caswell Yanceyville
53%
Ashe Jefferson
50%
Lenoir Kinston
50%
Richmond Rockingham
50%
Rowan Salisbury
50%
Lee Sanford
50%
Union Monroe
47%
Person Roxboro
47%
Rutherford Rutherfordton
47%
Johnston Smithfield
47%
Edgecombe Tarboro
47%
Haywood Waynesville
47%
Chowan Edenton
44%
Scotland Laurinburg
44%
Davidson Lexington
44%
Anson Wadesboro
44%
Stanly Albemarle
42%
Transylvania Brevard
42%
Currituck Currituck
42%
Halifax Halifax
42%
Cleveland Shelby
42%
Alleghany Sparta
42%
Alexander Taylorsville
42%
Columbus Whiteville
42%
Pender Burgaw
39%
Polk Columbus
39%
Dare Manteo
39%
McDowell Marion
39%
Warren Warrenton
39%
Camden Camden
36%
Bladen Elizabethtown
36%
Perquimans Hertford
36%
Davie Mocksville
36%
Burke Morganton
36%
Avery Newland
36%
Catawba Newton
36%
Granville Oxford
36%
Montgomery Troy
36%
Swain Bryson City
33%
Moore Carthage
33%
Sampson Clinton
33%
Brunswick Bolivia
31%
Tyrrell Columbia
31%
Stokes Danbury
31%
Duplin Kenansville
31%
Harnett Lillington
31%
Franklin Louisburg
31%
Hoke Raeford
31%
Hyde Swan Quarter
31%
Jackson Sylva
31%
Yancey Burnsville
28%
Surry Dobson
28%
Clay Hayesville
28%
Washington Plymouth
28%
Graham Robbinsville
28%
Pamlico Bayboro
25%
Gates Gatesville
25%
Madison Marshall
25%
Martin Williamston
25%
Bertie Windsor
25%
Greene Snow Hill
22%
Jones Trenton
22%
Mitchell Bakersville
19%
Rockingham Wentworth
19%
Hertford Winton
17%
No matching quizzes found
Score Distribution
Percent of People with Each Score
Percentile by Number Answered
Your Score History
You have not taken this quiz